Quizzes
Events
Quiz Creation
Community
Videos
Private Events
Remove Ads
Sign In
Join for FREE
Feedback
Dark Mode
Quiz Categories
Sports
Geography
Music
Movies
Television
Just For Fun
Miscellaneous
History
Literature
Language
Science
Gaming
Entertainment
Religion
Holiday
For Kids
Quiz Lab
Recent
Popular Today
Quiz Kudos Today
Editor Picks
Curator Picks
Quizzes by...
Day
Popularity
Type
Ratings
Length
Year
Community
Subscriptions
Recent Discussions
Orange Saloon
Badges
Playlists
Quests
Create
Leaderboards
Showdown
Live 5
Trivia Bingo
Activity
Puzzle Library
Sporcle Events
Private Events
Virtual Trivia
Globe League
Become a Host
Pub Owners
SporcleCon
Opinionation
Our Games
Videos
Blog
Mobile Apps
Partnerships
Remove Ads and Go Orange
Feedback
Movies
Disney
Marvel Cinematic Universe
Movie Resume
Movie Titles
Oscar
Actor
Actress
Director
Pixar
Role
Movie Quotes
Movie Characters
Box Office
Nominee
Best Picture
Star Wars
James Bond
Horror Movies
Movies
Disney
Marvel Cinematic Universe
Movie Resume
Movie Titles
Oscar
Actor
Actress
Director
Pixar
Role
Movie Quotes
Movie Characters
Box Office
Nominee
Best Picture
Star Wars
James Bond
Horror Movies
Random Quiz
Search Sporcle
×
Quiz Lab
Quiz Lab
Movies
peace
Type in answers that appear in a list
Type in answers that appear in a list
Classic
Best Score? Go Orange.
Peace with Inches Stats
Can you name the Can you complete the 'Peace with Inches' speech from the movie 'Any Given Sunday?'?
By
wabash56
5m
79 Questions
429 Plays
429 Plays
429 Plays
Comments
Comments
Give Quiz Kudos
Give Quiz Kudos
-
- Ratings
hide this ad
Forced Order
Answers have to be entered in order
Answers have to be entered in order
Replay
Link that replays current quiz
Next Quiz
Link to next quiz in quiz playlist
You Got
0%
They Got
Avg Score
46%
Avg Friend Score
Upgrade to see
Score Distribution
Jump to the score distribution portion of the page
Score
0/79
Timer
05:00
0
Plays Today
% Correct
play
84.1%
at a time
83.4%
hell
81.4%
inch
79.7%
hell
78.8%
the light
76.7%
fight
76.5%
inch
75.8%
ever loved me
75.8%
money
75.3%
I'm too old
72.5%
or not
71.6%
in the mirror
70.6%
old
69.7%
taken
69.7%
face
69.5%
I pissed
69.2%
a middle aged man
67.1%
stand
66.4%
so small
64.3%
3 minutes
63.9%
make it
63.4%
get the **** kicked out of us
63.2%
game of inches
62.9%
inches
62.5%
football
61.8%
catch
60.4%
second
59.2%
late
58.3%
early
58%
part of life
56.4%
slow
55.9%
fast
55.5%
football
54.1%
life
53.6%
second
53.4%
losing stuff
53.1%
break
53.1%
minute
53.1%
either
51%
% Correct
I mean
50.6%
we fight for that inch
50.6%
all comes down to today
48%
I see these young faces
43.8%
inch
43.8%
inch
42.7%
inches
41.7%
fingernails
41.5%
claw
41.3%
add up
40.8%
to pieces
40.1%
winning
38%
losing
37.8%
living
37.1%
we tear ourselves
36.4%
dying
35.9%
**** difference
30.8%
willing to die
28.7%
win that inch
24.2%
life
24%
inch
23.3%
in any fight
22.8%
fight and die
20%
face
19.8%
still willing
19.3%
six inches
18.9%
make
18.2%
thats what living is
17.2%
look at the guy next to you
14.9%
team
14.7%
die
14%
team
13.3%
individuals
13.1%
heal
12.8%
himself
12.1%
team
11.9%
gonna do the same for him
11.2%
who will go that inch with you
10.7%
what are you gonna do?
9.8%
Quiz Playlist
Details
Report
Send in Message
Add To Playlist
Classic:
Type in answers that appear in a list
Forced Order:
Answers have to be entered in order
Last Updated: Feb 16, 2017
Quiz Scoreboard
CHALLENGE
Sign Up to Join the Scoreboard
Show All
Scores
Hide
Comments
May contain spoilers
Recently Published
An Introduction to Baseball
by treessimontrees
Sports
5m
Movies - When Are They Set?
by FPL_Elf
Movies
5m
Popular People in 1961
by mucciniale
History
6m
More to Explore
Quiz From the Vault
Featured Blog Post
Where Did the Easter Bunny Come From?
hide this ad
You Might Also Like...
Tags
complete
inch
peace
speech
Sunday
Today's Top Quizzes in Movies
Browse Movies
hide this ad
Today's Top Quizzes in peace
Browse peace
Top Contributed Quizzes in Movies
1
Pick 5 Posters: Directed by Spielberg
2
Multi-Oscar Nominations, One Movie, One Winner
3
12 Movies about Fictional 1960s Events
4
One Thing in Common: Movies
5
Sunday Crossword: Film Score Composers
6
One Thing in Common: Movies II
7
Pick 5 Posters: Lowest-Rated Spielberg
8
Three Word 'H' Movies Match Up
9
Three Word 'T' Movies Match Up
10
7-to-1: Pixar Characters
Explore More
Trending Topics
Marvel
Kpop
NBA
Harry Potter
Anime
Crossword
Disney
Puzzle
Country
Song
The Office
Pokémon
Soccer
NFL
WWE
hide this ad
More By:
wabash56
Quiz
Plays
Rating
Category
Featured
Created
Peace with Inches
429
1.00
Movies
Jun 5, 2010
Wabash College Facts
35
Miscellaneous
Jun 5, 2010
Go to Creator's Profile
Score Distribution
Quiz Creator Spotlight
wabash56
Follow
Send a Message
Quizzes Created
-
Created Quiz Play Count
-
More By This Creator
Popular Quizzes Today
1
Find the Countries of Europe - No Outlines Minefield
2
Find the US States - No Outlines Minefield
3
The Countries of the World
4
Popular People in 1961
5
US States
6
Find the US States
7
1-10 Letter E Words III
8
Risky Map Clicking: Biggest States A-Z
More Movies Quizzes
24 Pink/Purple Movie Posters II
Editor's Pick
Trending Quizzes
Risky Map Clicking: Least Populous States A-Z
1-10 Letter F Words
1-10 Letter G Words
One Thing in Common: United Kingdom
Risky Map Clicking: Next State Alphabetically
Recently Updated
Leaping Animals
pecheneg
Reality TV Shows (A-Z)
bhenderson79
Rickey Henderson's Hall of Fame Teammates
pecheneg
Champions League XIs: Arsenal
pecheneg
Quick Pick: Celebrities in WWE's Hall of Fame
aduchscher
A-Z Keypad Blitz II
pecheneg
Multiple Oscar Actors
pecheneg
Mystery Phrase Blitz: Oscar 'Best Actors'
pecheneg
F. Scott Fitzgerald Novels
LTH
Pick 3 Villains
ddd62291
Trending Topics
Disney
Marvel
NBA
Harry Potter
Kpop
Crossword
Anime
WWE
Puzzle
Soccer
Country
Song
Pokémon
NFL
The Office
Your Account Isn't Verified!
In order to create a playlist on Sporcle, you need to verify the email address you used during registration. Go to your
Sporcle Settings
to finish the process.
Report this User
Report this user for behavior that violates our
Community Guidelines
.
Details:
Send Report
Go to the Sporcle.com Mobile Site →
Comments